000 01045nam a2200265 4500
001 0000013906
003 CO-CtgCURN
005 20250828213537.0
008 160627s1998 000 0 eng d
040 _aCO-CtgCURN
_bspa
_ccoctgcurn
082 0 _a346.015
_bC65c
110 2 _aColombia. Ministerio de Justicia y del Derecho.
245 1 3 _aLa conciliacion en el derecho de familia /
_cMinisterio de Justicia y del Derecho.
250 _a2a ed.
260 _aBogotá :
_bImprenta Nacional,
_c1998.
300 _a150 p.
336 _2rdacontent
337 _2rdamedia
_asin mediacion
_bn
338 _2rdacarrier
_avolumen
_bnc
505 8 _aJurisprudencia.--Patria potestad.--Expediente t-16719.--Primera unidad disposiciones legales.--Análisis de casos.--Obligaciones de los padres separados con sus hijos.--Obligaciones alimentaria
650 0 _aDerecho de familia
_vLegislacion
_zColombia.
908 _a160627
942 _cBK
_h346.015
_iC65c
_2ddc
999 _c50001
_d50001
_x1